00229nam a22000977a 4500020001300000082001400013100001500027245004000042260004100082300000800123 a08531223 a519.5 MIL aJ.C.Miller aStatistics for Analytical Chemistry aEnglandbEllis Horwood Limitedc1984 a202